Mobilní bankovnictví - proč si banky nechávají utéct příležitost?

Banky alebo splátkové spoločnosti. Mobilné bankovníctvo v súčasnosti. Nové možnosti mobilného bankovníctva. Potreba vyšších investícií pri zavádzaní mobilného systému.

Gespeichert in:
Bibliographische Detailangaben
1. Verfasser: Matuštík, Ondřej
Format: Buchkapitel
Sprache:Tschechisch
Schlagworte:
Tags: Tag hinzufügen
Keine Tags, Fügen Sie das erste Tag hinzu!

MARC

LEADER 00000naa$a2200000$$$4500
001 0078213
005 20231010095428.4
041 0 |a cze 
044 |a CZ 
245 1 0 |a Mobilní bankovnictví - proč si banky nechávají utéct příležitost?  |c Ondřej Matuštík 
520 |a Banky alebo splátkové spoločnosti. Mobilné bankovníctvo v súčasnosti. Nové možnosti mobilného bankovníctva. Potreba vyšších investícií pri zavádzaní mobilného systému. 
610 2 0 |a bankovníctvo 
610 2 0 |a investície 
610 2 0 |a úver spotrebiteľský 
610 2 0 |a klienti 
100 1 |a Matuštík, Ondřej